LEADER 01030nam0-22002771i-450- 001 990001672740403321 005 20050525152829.0 035 $a000167274 035 $aFED01000167274 035 $a(Aleph)000167274FED01 035 $a000167274 100 $a20030910d1905----km-y0itay50------ba 101 0 $aita 200 1 $aAllegato n. 1 alla relazione della Sotto-Commissione incaricata dalla Commissione Censuaria Centrale di esaminare le tariffe d'estimo della provincia di Vicenza$fMinistero delle Finanze 210 $aRoma$cScotti$d1905 215 $a293 p.$d30 cm 610 0 $aImposte fondiarie 676 $a336.22 710 02$aItalia.$bMinistero delle finanze$0356818 801 0$aIT$bUNINA$gRICA$2UNIMARC 901 $aBK 912 $a990001672740403321 952 $a60 336.22 A 42$b18268$fFAGBC 959 $aFAGBC 996 $aAllegato n. 1 alla relazione della Sotto-Commissione incaricata dalla Commissione Censuaria Centrale di esaminare le tariffe d'estimo della provincia di Vicenza$9370837 997 $aUNINA LEADER 01011nam0-22002771i-450- 001 990001672520403321 005 20050525150238.0 035 $a000167252 035 $aFED01000167252 035 $a(Aleph)000167252FED01 035 $a000167252 100 $a20030910d1917----km-y0itay50------ba 101 0 $aita 200 1 $aRelazione della Sotto-Commissione incaricata dalla Commissione Censuaria Centrale di esaminare le tariffe d'estimo del circondario di Campagna$fMinistero delle Finanze 210 $aRoma$cTip. Cooperativa Sociale$d1917 215 $a65 p.$d30 cm 610 0 $aImposte fondiarie 676 $a336.22 710 02$aItalia.$bMinistero delle finanze$0356818 801 0$aIT$bUNINA$gRICA$2UNIMARC 901 $aBK 912 $a990001672520403321 952 $a60 336.22 A 20$b18279$fFAGBC 959 $aFAGBC 996 $aRelazione della Sotto-Commissione incaricata dalla Commissione Censuaria Centrale di esaminare le tariffe d'estimo del circondario di Campagna$9370857 997 $aUNINA